| 000 | 00573cam a22002051 4500 | ||
|---|---|---|---|
| 001 | ne 63001333 | ||
| 003 | DLC | ||
| 005 | 20260227111747.0 | ||
| 008 | 880708s1960 ua a 000 0 arar | ||
| 010 | _ane 63001333 | ||
| 035 | _a(OCoLC)18187056 | ||
| 040 |
_aDLC _cWaU _dDLC |
||
| 042 | _apremarc | ||
| 050 | 0 | 0 |
_aPJ7862.U55 _bQ3 |
| 100 | 1 | _aSunūsī, Muḥammad ʻAlī. | |
| 245 | 1 | 3 |
_aal-Qalāʼid _c[taʼlīf] Muḥammad ʻAlī al-Sunūsī. |
| 260 |
_a[al-Qāhirah, _bMaṭābiʻ Dār al-Kitāb al-ʻArabī, _c1960] |
||
| 300 |
_a220 p. _billus. |
||
| 500 | _aPoems. | ||
| 999 |
_c46053 _d46053 |
||